[Event "Oberliga Bayern 9596"]
[Site "Bayern"]
[Date "1996.??.??"]
[Round "?"]
[White "Zellner, Richard"]
[Black "Wagner, Anselm"]
[Result "0-1"]
[WhiteElo "2235"]
[BlackElo "2370"]
[PlyCount "96"]
[EventDate "1995.10.15"]
[EventType "team-tourn"]
[EventRounds "9"]
[EventCountry "GER"]
[SourceTitle "EXT 2020"]
[Source "ChessBase"]
[SourceDate "2019.10.17"]
[SourceVersion "1"]
[SourceVersionDate "2019.10.17"]
[SourceQuality "1"]
[WhiteTeam "Milbertshofen (SG Schwabing)"]
[BlackTeam "Pasing"]
[WhiteTeamCountry "GER"]
[BlackTeamCountry "GER"]

1. e4 e6 2. d4 d5 3. Nd2 a6 4. e5 c5 5. c3 Nc6 6. Ngf3 f6 7. Bd3 Qc7 8. 0-0 fxe5 9. Nxe5 Nxe5 10. dxe5 Qxe5 11. Re1 Qc7 12. Qh5+ Kd8 13. Nf3 Nf6 14. Qh4 Bd6 15. Bg5 Qe7 16. c4 d4 17. b4 b6 18. bxc5 bxc5 19. Bd2 Bd7 20. Ne5 Be8 21. Qh3 Rb8 22. Bf1 Kc8 23. Qa3 Kb7 24. Nd3 Ka7 25. Bf4 Bxf4 26. Nxf4 Bd7 27. g3 Qd6 28. Nd3 Rhc8 29. Re5 Rb6 30. Rae1 Rbc6 31. Bh3 Re8 32. Nf4 h6 33. Qd3 Qf8 34. Qg6 Re7 35. Nd5 Nxd5 36. cxd5 exd5 37. Qxc6 Bxc6 38. Rxe7+ Kb6 39. Rb1+ Ka5 40. Re5 d3 41. Bf5 c4 42. Kf1 Qc5 43. Bh7 Qd4 44. Re3 Bb5 45. Kg2 c3 46. Rxb5+ axb5 47. Bxd3 Kb4 48. Bc2 Qd2 0-1